Financing Growth in the WAEMU Through the Regional Securities Market : Past Successes and Current Challenges /

The West African Economic and Monetary Union (WAEMU) regional securities market saw increasing activity in the last decade, but still fell short of supplying sufficient long-term financing for growth-enhancing public and private investment projects. In addition to providing an institutional backgrou...

সম্পূর্ণ বিবরণ

গ্রন্থ-পঞ্জীর বিবরন
প্রধান লেখক: Diouf, Mame Astou
অন্যান্য লেখক: Boutin-Dufresne, Francois
বিন্যাস: পত্রিকা
ভাষা:English
প্রকাশিত: Washington, D.C. : International Monetary Fund, 2012.
মালা:IMF Working Papers; Working Paper ; No. 2012/249
অনলাইন ব্যবহার করুন:Full text available on IMF
LEADER 01843cas a2200253 a 4500
001 AALejournalIMF013140
008 230101c9999 xx r poo 0 0eng d
020 |c 5.00 USD 
020 |z 9781475548204 
022 |a 1018-5941 
040 |a BD-DhAAL  |c BD-DhAAL 
100 1 |a Diouf, Mame Astou. 
245 1 0 |a Financing Growth in the WAEMU Through the Regional Securities Market :   |b Past Successes and Current Challenges /  |c Mame Astou Diouf, Francois Boutin-Dufresne. 
264 1 |a Washington, D.C. :  |b International Monetary Fund,  |c 2012. 
300 |a 1 online resource (22 pages) 
490 1 |a IMF Working Papers 
500 |a <strong>Off-Campus Access:</strong> No User ID or Password Required 
500 |a <strong>On-Campus Access:</strong> No User ID or Password Required 
506 |a Electronic access restricted to authorized BRAC University faculty, staff and students 
520 3 |a The West African Economic and Monetary Union (WAEMU) regional securities market saw increasing activity in the last decade, but still fell short of supplying sufficient long-term financing for growth-enhancing public and private investment projects. In addition to providing an institutional background, this paper studies recent developments and the determinants of interest rates on the market-using yield curve and principal component analyses. It also identifies challenges and prospective reforms that could help the region reap the full benefits of a more dynamic securities market and assesses the potential systemic risk the market may pose for the region's banking system. 
538 |a Mode of access: Internet 
700 1 |a Boutin-Dufresne, Francois. 
830 0 |a IMF Working Papers; Working Paper ;  |v No. 2012/249 
856 4 0 |z Full text available on IMF  |u http://elibrary.imf.org/view/journals/001/2012/249/001.2012.issue-249-en.xml  |z IMF e-Library